| 000 | 01120nam a22001817a 4500 | ||
|---|---|---|---|
| 005 | 20230613111132.0 | ||
| 008 | 230613b ||||| |||| 00| 0 eng d | ||
| 020 | _a9780071221092 | ||
| 050 | _aT58.6.O276(10e) | ||
| 100 | _9O'Brien,James A | ||
| 245 |
_aManagement information systems ./ _cJames A. O'Brien |
||
| 250 | _a10th ed. | ||
| 260 |
_aNew York : _bMcGraw-Hill Education, _c2011. |
||
| 300 |
_a704p.: _bill, _c28 cm. |
||
| 505 | _aContents : Foundations of information systems in business -- Competing with information technology -- Computer hardware -- Computer software -- Data resource management -- Telecommunications and networks -- e-Business systems -- Enterprise business systems -- e-Commerce systems -- Supporting decision making -- Development business/IT strategies -- Developing business/IT solutions -- security and ethical challenges -- Enterprise and global management of information technology -- Review quiz answers -- Selected reference -- Glossary for business professional -- Name index -- Company index -- Subject index | ||
| 700 |
_aMarakas M .George _91612 |
||
| 942 |
_2lcc _cBK |
||
| 999 |
_c9667 _d17167 |
||